| 000 | 00443nam a2200181Ia 4500 | ||
|---|---|---|---|
| 008 | 221030s9999 xx 000 0 und d | ||
| 020 | _a8129702576 | ||
| 041 | _aEnglish | ||
| 082 |
_a105.23 _bMcn |
||
| 100 | _aB. C. Mcnurlin | ||
| 245 | 0 | _aInformation Systems Management In Practice | |
| 250 | _a6th | ||
| 260 |
_bPearson Education _aDelhi _c2004 |
||
| 300 | _a582 | ||
| 650 | _aMBA Computers | ||
| 700 | _aR. H. Sprague | ||
| 942 | _cBK | ||
| 999 |
_c1931 _d1931 |
||